000 00358nam a22001577a 4500
003 MPLRDC
005 20220104143454.0
008 210129b ||||| |||| 00| 0 eng d
082 _a426.4 XDTW
100 _a仙洞田万里子等编
245 _a棒针
_c
260 _a
_b不详
_c
300 _b
650 _a家庭编结
942 _cBK
_o426.4 XDTW
999 _c40244
_d40234